000 00339nam a2200145Ia 4500
008 191201s2009 xx 000 0 und d
082 _a621.3
_bMAD
100 _aMANHAS,Pratima
245 0 _aDigital Electronics
250 _a2nd
260 _aN.Delhi
_bS.K.Kataria
_c2009
300 _a521
650 _aB.Tech(ECE)
942 _2ddc
_cBK
_037
999 _c4250
_d4250